Norwegian wood / (Record no. 9599)

MARC details
000 -LEADER
fixed length control field 01369nam a22002897a 4500
001 - CONTROL NUMBER
control field 9599
003 - CONTROL NUMBER IDENTIFIER
control field FISKH
005 - DATE AND TIME OF LATEST TRANSACTION
control field 20260126091647.0
008 - FIXED-LENGTH DATA ELEMENTS--GENERAL INFORMATION
fixed length control field 260126b cb ||||| |||| 00| 0 eng d
020 ## - INTERNATIONAL STANDARD BOOK NUMBER
International Standard Book Number 9780099448822
040 ## - CATALOGING SOURCE
Original cataloging agency FISKH
Language of cataloging eng
Transcribing agency FISKH
Modifying agency FISKH
050 ## - LIBRARY OF CONGRESS CALL NUMBER
Classification number PL856 .U673 .N6713
082 ## - DEWEY DECIMAL CLASSIFICATION NUMBER
Classification number 895.635
100 ## - MAIN ENTRY--PERSONAL NAME
Personal name Murakami , Haruki
245 ## - TITLE STATEMENT
Title Norwegian wood /
Statement of responsibility, etc. By Haruki Murakami : Translated from Japanse By Jay Rubin
260 ## - PUBLICATION, DISTRIBUTION, ETC.
Place of publication, distribution, etc. London :
Name of publisher, distributor, etc. Vintage Books ,
Date of publication, distribution, etc. 1987 .
300 ## - PHYSICAL DESCRIPTION
Extent 389 pages :
Other physical details illustrator ;
Dimensions 20 cm .
505 ## - FORMATTED CONTENTS NOTE
Formatted contents note S <br/>
520 ## - SUMMARY, ETC.
Summary, etc. "Toru, a quiet and preternaturally serious young college student in Tokyo, is devoted to Naoko, a beautiful and introspective young woman, but their mutual passion is marked by the tragic death of their best friend years before. Toru begins to adapt to campus life and the loneliness and isolation he faces there, but Naoko finds the pressures and responsibilities of life unbearable. As she retreats further into her own world, Toru finds himself reaching out to others and drawn to a fiercely independent and sexually liberated young woman."--Back cover.
521 8# - TARGET AUDIENCE NOTE
Target audience note 790 <br/>
Source Lexile <br/>
521 8# - TARGET AUDIENCE NOTE
Target audience note S <br/>
Source Raz-Plus <br/>
650 ## - SUBJECT ADDED ENTRY--TOPICAL TERM
Topical term or geographic name entry element Japanese literature
Form subdivision Fiction
650 ## - SUBJECT ADDED ENTRY--TOPICAL TERM
Topical term or geographic name entry element Mental illness
Form subdivision Fiction
700 ## - ADDED ENTRY--PERSONAL NAME
Personal name Rubin, Jay
Relator term Translator
942 ## - ADDED ENTRY ELEMENTS (KOHA)
Source of classification or shelving scheme Dewey Decimal Classification
Koha item type Books
Suppress in OPAC No
Holdings
Withdrawn status Lost status Source of classification or shelving scheme Damaged status Not for loan Collection Home library Current library Shelving location Date acquired Total Checkouts Full call number Barcode Date due Date last seen Date last checked out Price effective from Koha item type
    Dewey Decimal Classification     Fiction Footprints International School Library Network Toul Tom Poung Campus Footprints International School Library Network Toul Tom Poung Campus TTP Secondary Fiction Bookshelves 01/26/2026 1 MUR 895.635 PL856 .U673 .N6713 2026-0114 05/06/2026 04/22/2026 04/22/2026 01/26/2026 Books